00445nam a22001577a 450000500170000001000170001702000260003403500130006003700130007308200060008610000220009224500610011426000370017527000540021230000210026620230530150923.0 aENG-115153  a9789385288906c350.00 aEN-98685 bDBAD/PUB aN aBlackburn, Stuart aInto the hidden valley :ba novel /cby Stuart Blackburn aNew DelhibSpeaking Tiger c2016 a4381/4 Ansari Road, Daryaganj,bNew Delhie110002 a260p.c20cm(pbk)